| 000 | 00871nam a22002537a 4500 | ||
|---|---|---|---|
| 005 | 20210325204828.0 | ||
| 008 | s2010 eng d | ||
| 020 | _a9789812309716 | ||
| 041 | _aeng | ||
| 050 | _aBP63.I5 H65I 2010 | ||
| 100 | 0 | _aHilmy, Masdar | |
| 245 | 1 | 0 | _aIslamism and democracy in Indonesia : piety and pragmatism |
| 260 | 3 |
_aSingapore : _bInstitute of Southeast Asian Studies, _c2010 |
|
| 300 |
_a319 p. ; _b 23 cm. |
||
| 610 | _aInstitute of Southeast Asian Studies | ||
| 650 | 0 | 4 | _aIslam and state -- Indonesia |
| 650 | 0 | 4 | _aDemocracy -- Religious aspects -- Islam -- Indonesia |
| 650 | 0 | 4 | _aIslam and politics -- Indonesia |
| 850 | _aNALT | ||
| 942 | _cGB | ||
| 997 | _a9076 | ||
| 997 | _c000000000061926 | ||
| 998 | _aนางสุกัญญา กัลยา | ||
| 999 |
_c61926 _d61926 |
||